LEADER 03992nam 2200721 450 001 9910478950503321 010 $a1-4704-4721-5 035 $a(CKB)4100000004819626 035 $a(MiAaPQ)EBC5389690 035 $a(PPN)233077650 035 $a(EXLCZ)994100000004819626 100 $a20180619d2018 uy 0 101 0 $aeng 135 $aurcnu|||||||| 181 $ctxt$2rdacontent 182 $cc$2rdamedia 183 $acr$2rdacarrier 200 10$aRepresentations of algebras $e17th International Workshop and Conference on Representation of Algebras, August 10-19, 2016, Syracuse University, Syracuse, New York /$fGraham J. Leuschke [and three others], editors 210 1$aProvidence, Rhode Island :$cAmerican Mathematical Society,$d[2018] 210 4$dİ2018 215 $a1 online resource (viii, 281 pages) 225 1 $aContemporary Mathematics ;$v705 311 $a1-4704-3576-4 320 $aIncludes bibliographical references. 410 0$aContemporary mathematics (American Mathematical Society) ;$v705. 606 $aRepresentations of algebras$vCongresses 606 $aRepresentations of groups$vCongresses 606 $aAlgebra$vCongresses 606 $aAlgebraic geometry -- Abelian varieties and schemes -- Isogeny$2msc 606 $aAlgebraic geometry -- Birational geometry -- McKay correspondence$2msc 606 $aAssociative rings and algebras -- Homological methods -- Homological dimension$2msc 606 $aAssociative rings and algebras -- Hopf algebras, quantum groups and related topics -- Connections with combinatorics$2msc 606 $aAssociative rings and algebras -- Representation theory of rings and algebras -- Representations of Artinian rings$2msc 606 $aCategory theory; homological algebra -- Categories and geometry -- Grothendieck groups$2msc 606 $aCommutative algebra -- Arithmetic rings and other special rings -- Cluster algebras$2msc 606 $aFunctions of a complex variable -- Riemann surfaces -- Compact Riemann surfaces and uniformization$2msc 606 $aGroup theory and generalizations -- Linear algebraic groups and related topics -- Cohomology theory$2msc 606 $aGroup theory and generalizations -- Linear algebraic groups and related topics -- Structure theory$2msc 606 $aCategory theory; homological algebra -- Abelian categories -- Localization of categories$2msc 608 $aElectronic books. 615 0$aRepresentations of algebras 615 0$aRepresentations of groups 615 0$aAlgebra 615 7$aAlgebraic geometry -- Abelian varieties and schemes -- Isogeny. 615 7$aAlgebraic geometry -- Birational geometry -- McKay correspondence. 615 7$aAssociative rings and algebras -- Homological methods -- Homological dimension. 615 7$aAssociative rings and algebras -- Hopf algebras, quantum groups and related topics -- Connections with combinatorics. 615 7$aAssociative rings and algebras -- Representation theory of rings and algebras -- Representations of Artinian rings. 615 7$aCategory theory; homological algebra -- Categories and geometry -- Grothendieck groups. 615 7$aCommutative algebra -- Arithmetic rings and other special rings -- Cluster algebras. 615 7$aFunctions of a complex variable -- Riemann surfaces -- Compact Riemann surfaces and uniformization. 615 7$aGroup theory and generalizations -- Linear algebraic groups and related topics -- Cohomology theory. 615 7$aGroup theory and generalizations -- Linear algebraic groups and related topics -- Structure theory. 615 7$aCategory theory; homological algebra -- Abelian categories -- Localization of categories. 676 $a512/.2 702 $aLeuschke$b Graham J.$f1973- 801 0$bMiAaPQ 801 1$bMiAaPQ 801 2$bMiAaPQ 906 $aBOOK 912 $a9910478950503321 996 $aRepresentations of algebras$980322 997 $aUNINA LEADER 02736nam 2200613 450 001 9910460981903321 005 20200520144314.0 010 $a1-4597-2825-4 035 $a(CKB)3710000000400800 035 $a(EBL)1715427 035 $a(SSID)ssj0001516613 035 $a(PQKBManifestationID)12567051 035 $a(PQKBTitleCode)TC0001516613 035 $a(PQKBWorkID)11501139 035 $a(PQKB)11499864 035 $a(CEL)448559 035 $a(OCoLC)924820156 035 $a(CaBNVSL)kck00235988 035 $a(MiAaPQ)EBC1715427 035 $a(Au-PeEL)EBL1715427 035 $a(CaPaEBR)ebr11255183 035 $a(OCoLC)902919510 035 $a(EXLCZ)993710000000400800 100 $a20170106h20152015 uy 0 101 0 $aeng 135 $aur|n|---||||| 181 $ctxt 182 $cc 183 $acr 200 10$aAgeless entrepreneur $enever too early, never too late /$fFred Dawkins 210 1$aToronto, Ontario :$cDundurn,$d2015. 210 4$dİ2015 215 $a1 online resource (257 p.) 225 0 $aThe Entrepreneurial Edge ;$v3 311 $a1-4597-2824-6 327 $aReturn of an Icon -- The Renewal of a Lifetime Allegiance -- No Disappointment -- My Request Gets Deferred -- My Proposal -- Setting the Framework -- A Fresh Start -- Off and Running -- Dining with Sam -- Looking for Good Will Hunting -- Finding Symmetry -- The Painting Guru -- Finding Inspiration -- The Exuberance of Youth -- Putting the Pedal to the Metal -- The Teenage Mentor -- Putting Meat on the Bone -- A Mentoring Machine -- Building Consensus -- The Mentoring Mind -- Defining the Alliance -- The End of the Beginning -- Epilogue May 11, 2015 -- Appendix I One-Line Wisdom from the Seminars of Sam Macleod -- Appendix II Sam’s Inspirations -- Appendix III The Jargon of Entrepreneurship According to Sam. 330 $aEconomic, social, and technological forces are pushing the old and the young into business, earlier and later than in the past. Whatever their reasons - doors opened by new technology, the self-reliance of owning a robust business - students of the Everyday Entrepreneur gather once more to learn how to succeed at any age. 410 0$aEntrepreneurial edge (Series) ;$v3. 606 $aEntrepreneurship 606 $aSuccess in business 606 $aCareer development 608 $aElectronic books. 615 0$aEntrepreneurship. 615 0$aSuccess in business. 615 0$aCareer development. 676 $a658.4/21 700 $aDawkins$b Fred$f1945-$0966219 801 0$bMiAaPQ 801 1$bMiAaPQ 801 2$bMiAaPQ 906 $aBOOK 912 $a9910460981903321 996 $aAgeless entrepreneur$92192878 997 $aUNINA